| 000 | 00000nam##2200000za#4500 |
| 001 | 9.642178 |
| 003 | CaOODSP |
| 005 | 20210624223557 |
| 007 | cr ||||||||||| |
| 008 | 150407|1998||||xxc|||||o f|0| 0 fre|d |
| 040 | |aCaOODSP|bfre |
| 043 | |an-cn--- |
| 086 | 1 |aRH64-111/1998F-PDF |
| 110 | 1 |aCanada.|bDéveloppement des ressources humaines Canada. |bPolitique stratégique. |
| 245 | 10|aRésumé des leçons tirées des évaluations formatives - programme des Initiatives stratégiques : |h[ressource électronique]|brapport final / |c[par] Évaluation et développement des données. |
| 260 | |aOttawa - Ontario : |bDéveloppement des ressources humaines Canada. |cJuin 1998. |
| 300 | |a86p. |
| 590 | |a13-18-Supp|b2013-08-01 |
| 775 | 08|tSummary of lessons from formative evaluations - Strategic Initiatives program : |w(CaOODSP)9.698186 |
| 856 | 40|ahttp://publications.gc.ca|qPDF|s283 Ko|uhttps://publications.gc.ca/collections/collection_2013/rhdcc-hrsdc/RH64-111-1998-fra.pdf |
| 986 | |aSP-AH073F-06-98 |